000 02992 a2200433 4500
001 23810585
003 0000
005 20260317115935.0
008 240801s2025 paua 001 0 eng
010 _a 2024035267
020 _a9781975219871
035 _a23810585
040 _aDNLM/DLC
_beng
_erda
_cDLC
_dDLC
042 _apcc
050 0 0 _aQP 518.3 .L54
_b 2025
082 0 0 _a572.8076
_223/eng/20241009
100 1 _aLieberman, Michael,
_d1950-
_eauthor.
245 1 0 _aBiochemistry, molecular biology, and genetics /
_cMichael A. Lieberman, Emma C. Schoch.
250 _a8th ed.
264 1 _aPhiladelphia :
_bWolters Kluwer Health,
_c[2025]
300 _axi, 416 pages :
_billustrations (chiefly color) ;
_c26 cm.
336 _atext
_btxt
_2rdacontent
337 _aunmediated
_bn
_2rdamedia
338 _avolume
_bnc
_2rdacarrier
490 1 _aBRS
500 _aIncludes index.
505 0 _aFuel Metabolism And Nutrition : Basic Principles -- Basic Aspects Of Biochemistry : Organic Chemistry, Acid-Base Chemistry, Amino Acids, Protein Structure And Function, And Enzyme Kinetics -- Genome Maintenance (Replication), Gene Expression (Transcription), Synthesis Of Proteins (Translation), And Regulation Of Gene Expression -- Cell Biology, Signal Transduction, And The Molecular Biology Of Cancer -- Generation Of ATP From Metabolic Fuels And Oxygen Toxicity -- Carbohydrate Metabolism -- Lipid And Ethanol Metabolism -- Tissue Metabolism : Nitrogen-Containing Nutrient Absorption & Digestion, Pathologies Of Nitrogen Metabolism -- Human Genetics : An Introduction -- Comprehensive Examination.
520 _a"BRS Biochemistry, Molecular Biology, and Genetics helps ensure excellence in class exams and on the USMLE Step 1. The Board Review Series outline format keeps content succinct and accessible for the most efficient review, accompanied by bolded key terms, detailed figures, quick-reference tables, and other aids that highlight important concepts and reinforce understanding.Each edition is updated to reflect the latest perspectives in biochemistry, molecular biology, and genetics, with a clinical emphasis essential to success in practice. Clinical Correlation boxes detail the real-world application of chapter concepts, and updated USMLE-style questions with answers test retention and enhance preparation for board exams and beyond. Chapter overviews, tables, algorithms, and other learning aids save time and simplify the review process"--
_cProvided by publisher.
650 1 2 _aBiochemical Phenomena
650 2 2 _aGenetic Phenomena
655 2 _aExamination Questions
655 2 _aOutline
700 1 _aSchoch, Emma C.,
_eauthor.
776 0 8 _iOnline version:
_tBiochemistry, molecular biology, and genetics
_bEighth edition.
_dPhiladelphia : Wolters Kluwer Health, [2025]
_z9781975219888
_w(DLC) 2024035268
830 0 _aBoard review series
906 _a7
_bcbc
_corignew
_d1
_eecip
_f20
_gy-gencatlg
942 _2lcc
_cBK
999 _c44150
_d44150